Chủ nghĩa Xã hội và chiến tranh : Thái độ của đảng công nhân xã hội - dân chủ Nga đối với chiến tranh
Những nguyên tắc của chủ nghĩa xã hội và chiến tranh, các giai cấp và các đảng ở Nga, việc thành lập lại quốc tế, lịch sử sự phân liệt và tình hình hiện nay của đảng xã hội - dân chủ Nga.
Guardado en:
| Autor principal: | |
|---|---|
| Formato: | Libro |
| Lenguaje: | Undetermined |
| Publicado: |
Hà Nội
Sự thật
1969
|
| Materias: | |
| Etiquetas: |
Agregar Etiqueta
Sin Etiquetas, Sea el primero en etiquetar este registro!
|
| Thư viện lưu trữ: | Trung tâm Học liệu Trường Đại học Cần Thơ |
|---|
| LEADER | 00944nam a2200205Ia 4500 | ||
|---|---|---|---|
| 001 | CTU_224047 | ||
| 008 | 210402s9999 xx 000 0 und d | ||
| 082 | |a 320.531 | ||
| 082 | |b L566 | ||
| 100 | |a Lenin, V. I. | ||
| 245 | 0 | |a Chủ nghĩa Xã hội và chiến tranh : | |
| 245 | 0 | |b Thái độ của đảng công nhân xã hội - dân chủ Nga đối với chiến tranh | |
| 245 | 0 | |c V. Lê-nin | |
| 260 | |a Hà Nội | ||
| 260 | |b Sự thật | ||
| 260 | |c 1969 | ||
| 520 | |a Những nguyên tắc của chủ nghĩa xã hội và chiến tranh, các giai cấp và các đảng ở Nga, việc thành lập lại quốc tế, lịch sử sự phân liệt và tình hình hiện nay của đảng xã hội - dân chủ Nga. | ||
| 650 | |a Chủ nghĩa xã hội,Socialism | ||
| 910 | |b dqhieu | ||
| 980 | |a Trung tâm Học liệu Trường Đại học Cần Thơ | ||